| 000 | 00952nam a22002537a 4500 | ||
|---|---|---|---|
| 005 | 20170124102950.0 | ||
| 010 | _aB-200780 | ||
| 020 |
_c150.00 _a8174082654 |
||
| 035 | _aB-200780 | ||
| 037 | _bCen Lib/Ret | ||
| 040 |
_aDPL _bHN |
||
| 082 |
_aक _bघोतड़ |
||
| 100 |
_aघोतड़, रामकुमार _951384 |
||
| 245 |
_aरु-बा-रु / _cरामकुमार घोतड़ |
||
| 246 |
_aRu-ba-ru / _bsby Ramkumar Ghotad |
||
| 260 |
_aनयी दिल्ली _bअयन प्रकाशन _c2006 |
||
| 270 |
_bनयी दिल्ली _a1/20, महरौली _e110030 |
||
| 300 |
_a125पृ. _c21सेमी(सजिल्द ) |
||
| 650 |
_aहिंदी साहित्य _x _z _951385 |
||
| 650 |
_aहिंदी कहानियां _92082 |
||
| 650 |
_aHindi literature _951386 |
||
| 650 |
_aHindi stories _951387 |
||
| 942 |
_2ddc _cHN _hक _mघोतड़ |
||
| 999 |
_c113263 _d113263 |
||